La Humanidad mejorada en su posición social por reformas radicales en lo político, económico y científico, e idea de un gobierno lo más barato posible, o de grandes economías. Apuntes escritos especialmente en bien de la Nación Española / por José Ignacio Alió

por Alió, José Ignacio

Publicado: Lérida : (Imp. y librería de D. José Sol) , 1855
Descripción Física: 67 p. ; 21 cm

MARC

LEADER 00000nam a2200000Ia 4500
001 11677
008 160829s1855 xx 000 0 cat d
080 |a 998, exp. 715 
100 |a Alió, José Ignacio  |9 47555 
245 |a La Humanidad mejorada en su posición social por reformas radicales en lo político, económico y científico, e idea de un gobierno lo más barato posible, o de grandes economías. Apuntes escritos especialmente en bien de la Nación Española / por José Ignacio Alió 
260 |a Lérida :  |b (Imp. y librería de D. José Sol),  |c 1855 
300 |a 67 p. ;  |c 21 cm 
651 0 |a Espanya  |x Política econòmica  |9 55201 
901 |a Arxiu 
942 |n 1 
952 |0 0  |1 0  |4 0  |6 998_EXP_715  |7 1  |9 53960  |a Arxiu  |b Arxiu  |d 2016-12-01  |l 0  |o 998, exp. 715  |p 11677  |r 2016-12-01 00:00:00  |w 2016-12-01  |y ARXIU 
999 |c 57827  |d 57827